Cieľom je garantovať kvalitu SAPR zastupuje slovenské poradenstvo aj "vonku"
Charakteristika a ciele Slovenskej asociácie pre poradenstvo v riadení (SAPR). Organizácia SAPR prijatá za člena Európskej asociácie pre poradenstvo v riadení (FEACO). Podmienky členstva v SAPR. Kontakty na poradcov a poradenské spoločnosti. Informácie o zahraničných konzultantoch. Zoznam kolektívny...
Saved in:
| Format: | Book Chapter |
|---|---|
| Language: | Slovak |
| Subjects: | |
| Tags: |
No Tags, Be the first to tag this record!
|
MARC
| LEADER | 00000naa a2200000 4500 | ||
|---|---|---|---|
| 001 | r000275 | ||
| 005 | 20221213113929.3 | ||
| 041 | 0 | |a slo | |
| 044 | |a SK | ||
| 245 | 1 | 0 | |a Cieľom je garantovať kvalitu |b SAPR zastupuje slovenské poradenstvo aj "vonku" |
| 520 | |a Charakteristika a ciele Slovenskej asociácie pre poradenstvo v riadení (SAPR). Organizácia SAPR prijatá za člena Európskej asociácie pre poradenstvo v riadení (FEACO). Podmienky členstva v SAPR. Kontakty na poradcov a poradenské spoločnosti. Informácie o zahraničných konzultantoch. Zoznam kolektívnych a individuálnych členov SAPR. | ||
| 610 | 2 | 0 | |a poradenstvo |
| 610 | 2 | 0 | |a SAPR |
| 610 | 2 | 0 | |a FEACO |
| 610 | 2 | 0 | |a poradcovia |
| 610 | 2 | 0 | |a konzultanti |